| 000 | 00629nam a2200241 a 4500 | ||
|---|---|---|---|
| 005 | 20140412111239.0 | ||
| 008 | 001117s19uu xx 00 eng d | ||
| 020 | _a0-394-84255-8 | ||
| 050 |
_aER _bOh1 |
||
| 100 | _aSeuss, Dr., 1904 | ||
| 245 |
_aOh say you can say? / _cDr. Seuss. |
||
| 260 |
_aNew York : _bBeginner Books, _c1979. |
||
| 300 | _a1 v. (unp.) ; ill. | ||
| 440 | _aBeginner Books | ||
| 520 | _aA Collection of nonsensical tongue twisters. | ||
| 650 | _aTongue twisters | ||
| 650 | _aChildren stories | ||
| 999 |
_c102641 _d102641 |
||